000 00154nam a22000857a 4500
082 _a823
100 _aWILOUM, KATHY
245 _aTINY TOT'S TOYS
942 _cBK
999 _c8128
_d8128